000 00614nam a2200205Ia 4500
005 20250508152135.0
008 008 250505s9999 xx 000 0 eng d
037 _aTextual
040 _aFEDL
_beng
_cFEDL
041 _aeng
_2eng
084 _a301.15, LIK
_qFEDL
100 _aLikert Rensis
245 0 _aSome applications of behavioural research
260 _aParis, France
_bUnited Nations Educational, Scientific and Cultural Organization
_c1957
300 _a333p.
490 _aTitle in this Series
650 _aSociology
942 _cTEXL
_h301.15, LIK
999 _c1334525
_d1334525